000 01377nam a2200349 i 4500
001 1517255330
003 Ingram
005 20260218172303.0
007 t|
008 260114s2025 nyua a 000 1 eng d
020 _a9798988749974
_qhardcover
035 _a(OCoLC)1517255330
040 _aTnLvILS
_beng
_erda
_cTnLvILS
041 1 _aeng
_hspa
092 _achildren
_bLópez
100 1 _aLópez, Azul,
_eauthor.
_4aut.
_96561006
245 1 0 _aCroco /
_cAzul López ; translated by Kit Maude.
264 1 _aHuntington, New York :
_bTapioca Stories,
_c[2025]
300 _a1 volume (unpaged) :
_bchiefly color illustrations ;
_c23 cm.
336 _atext
337 _aunmediated
338 _avolume
520 _a"In a vibrant tropical jungle, Croco the Crocodile has fallen into a hole and can't climb out. Different animals come along to try to help him, but in the end, he must find his own way out."--Provided by publisher.
546 _aTranslated from the Spanish.
586 0 _aMildred L. Batchelder Award Winner, 2026.
650 0 _aCrocodiles
_vJuvenile fiction.
_95706918
650 0 _aConduct of life
_vJuvenile fiction.
_95675513
650 0 _aMildred L. Batchelder Award
_96483908
650 1 _aCrocodiles
_vFiction.
_95728796
650 1 _aConduct of life
_vFiction.
_95675198
942 _2ddc
_cBOOK
999 _c416456
_d416456